الأندلس / (رقم التسجيلة. 33264)

تفاصيل مارك
000 -LEADER
fixed length control field 00683nam a22002177a 4500
005 - DATE AND TIME OF LATEST TRANSACTION
control field 20251108165849.0
008 - FIXED-LENGTH DATA ELEMENTS--GENERAL INFORMATION
fixed length control field 250721s1980 xx 000 0 ara d
082 14 - DEWEY DECIMAL CLASSIFICATION NUMBER
Classification number ط/956.05/كول
100 1# - MAIN ENTRY--PERSONAL NAME
Personal name كولان، ج.س
245 10 - TITLE STATEMENT
Title الأندلس /
264 1# - PRODUCTION, PUBLICATION, DISTRIBUTION, MANUFACTURE, AND COPYRIGHT NOTICE
Place of production, publication, distribution, manufacture بيروت :
Name of producer, publisher, distributor, manufacturer دار الكتاب اللبناني،
Date of production, publication, distribution, manufacture, or copyright notice 1980.
300 ## - PHYSICAL DESCRIPTION
Extent 202ص
490 0# - SERIES STATEMENT
Series statement كتب دائرة المعارف الإسلامية ؛ 2
650 17 - SUBJECT ADDED ENTRY--TOPICAL TERM
Topical term or geographic name as entry element الأندلس
650 17 - SUBJECT ADDED ENTRY--TOPICAL TERM
Topical term or geographic name as entry element التاريخ
700 1# - ADDED ENTRY--PERSONAL NAME
Personal name خورشيد، إبراهيم
Relator term ترجمة
700 1# - ADDED ENTRY--PERSONAL NAME
Personal name يونس، عبد الحميد
Relator term ترجمة
700 1# - ADDED ENTRY--PERSONAL NAME
Personal name عثمان، حسن
Relator term ترجمة
942 ## - ADDED ENTRY ELEMENTS (KOHA)
Source of classification or shelving scheme Dewey Decimal Classification
Koha item type كتب
المقتنيات
حالة السحب حالة الفقدان مصدر التصنيف حالة التلف غير قابل للإعارة المكتبة الرئيسية المكتبة الحالية موقع الرف تاريخ التزويد الرقم المتسلسل Total Checkouts رقم الإستدعاء الباركود تاريخ آخر ظهور تاريخ الفاتورة نوع المادة (كوها)
    Dewey Decimal Classification     مكتبة وادي السير العامة مكتبة وادي السير العامة الأطفال 19/11/2015 [1167].   ط/956.05/كول PLD00365543 28/07/2025 19/11/2015 كتب
Implemented & Customized by: BBB with SCIT (Smart Chains for Information Technology)

Powered by Koha